000 00803nam a22002177a 4500
005 20170124105946.0
010 _aA-462538
020 _c00.00
_a0854967249
020 _c00.00
_a9231026550 (unesco)
037 _bCen Lib/Ret
040 _aDPL
_bEN
082 _a305.488927
_bSHA
245 r _aWomen in Arab society :
_cby Seteney Shami...[et al.]
_bwork patterns and gender relation in Egypt, Jorden and Sudan /
260 _bUNESCO
_aParis
_c1990
270 _a7 Place de Fontenoy
_bParis (France)
_e75700
300 _axix,217p. :
_c22m(Hb)
_bill.
650 _aRural women -- Employment -- Arab countries -- Case studies.
_912306
650 _aRural women -- Employment -- Egypt -- Case studies.
_912307
700 _aShami, Seteney
_912294
942 _2ddc
_cEN
_h305.488927
_mSHA
999 _c124893
_d124893